Fr. Conceicao Rodrigues College of Engineering

Applied Finite Mathematics (Record no. 29882)

MARC details
000 -LEADER
fixed length control field 00328nam a2200157Ia 4500
082 ## - DEWEY DECIMAL CLASSIFICATION NUMBER
Classification number 510
Item number TAN
100 ## - MAIN ENTRY--PERSONAL NAME
Personal name Tan/S.T.
250 ## - EDITION STATEMENT
Edition statement 5
245 ## - TITLE STATEMENT
Title Applied Finite Mathematics
260 ## - PUBLICATION, DISTRIBUTION, ETC.
Name of publisher, distributor, etc. Brooks/cole Pub Co
Place of publication, distribution, etc. New york
Date of publication, distribution, etc. 1997
300 ## - PHYSICAL DESCRIPTION
Extent 674
546 ## - LANGUAGE NOTE
Language note ENGLISH
654 ## - SUBJECT ADDED ENTRY--FACETED TOPICAL TERMS
Focus term mathematics
942 ## - ADDED ENTRY ELEMENTS (KOHA)
Koha item type BOOK
Holdings
Withdrawn status Lost status Damaged status Not for loan Collection Home library Current library Date acquired Total Checkouts Full call number Barcode Date last seen Price effective from Koha item type
        CRC Fr. Agnel's C.Rodrigues College of Engineering Fr. Agnel's C.Rodrigues College of Engineering 17/03/2023   510 TAN 10074 17/03/2023 17/03/2023 BOOK